000 00674nam a2200217 i 4500
001 115143
003 ES-MaACL
005 20250707062611.0
007 t|
008 070223s1908 sp ||||1| spa d
080 _a821.134.2-32"19"
100 1 _aOrtiz de Pinedo, José.
_987603
245 1 3 _aLa dicha humilde
_b: novela /
_cde J. Ortiz de Pinedo ; ilustraciones de Escobar.
260 _aMadrid :
_bEl Cuento Semanal,
_c1908.
300 _a20 p. :
_bil. ;
_c26 cm.
490 1 _aEl cuento semanal ;
_v96
700 1 _aEscobar, Carlos
_c, ilustrador.
_947564
830 0 3 _aEl cuento semanal
_v96
_9185957
852 _aES-MaACL
_jG-4442(18)
999 _c115143
_d115143